| 000 | 01330nam a22002297a 4500 | ||
|---|---|---|---|
| 001 | 8205 | ||
| 003 | FISKH | ||
| 005 | 20250902110530.0 | ||
| 008 | 250902b cb ||||| |||| 00| 0 eng d | ||
| 020 | _a9780448483573 | ||
| 040 |
_aFISKH _beng _cFISKH _dFISKH |
||
| 050 | _aF788 .O25 | ||
| 082 | _a979.1 | ||
| 100 | _aO'Connor, Jim | ||
| 245 |
_aWhere is the Grand Canyon? _cby Jim O'Connor ; Illustrated by Daniel Colon |
||
| 260 |
_aNew York : _bPenguin, _c2015. |
||
| 300 |
_a108 pages : _b illustrations ; maps ; _c20 cm |
||
| 520 | _aThere are canyons all over the planet, and the Grand Canyon in Arizona is not the biggest. Yet because of the spectacular colors in the rock layers and fascinating formations of boulders, buttes, and mesas, it is known as one of the Seven Natural Wonders of the World. Starting with a brief overview of how national parks came into being, this book covers all aspects of the canyon--how it formed, which early native people lived there, and what varied wildlife can be found there now. A history of the canyon's end-to-end exploration in the late 1860s and how the Grand Canyon became such a popular vacation spot (5 million tourists visit every year) round out this informative, easy-to-read account. | ||
| 650 |
_aNational Parks _v Geography |
||
| 942 |
_2ddc _cBK _n0 |
||
| 999 |
_c8205 _d8205 |
||